i'm yours - Isabel LaRosa - All Lyrics - Statistics

General Stats
  • This quiz has been taken 50 times
  • The average score is 149 of 183
Answer Stats
Answer % Correct
I
100%
(I
100%
I'm
100%
I’m
100%
you
100%
You
100%
you?
100%
you)
100%
your
100%
(Baby,
97%
Baby,
97%
baby,
97%
it
97%
yours,
97%
yours)
97%
yours
97%
me
91%
so
91%
love
88%
know
85%
(Know
85%
to
85%
You’re
85%
can
82%
the
82%
hurts
79%
pretty
79%
that
79%
my
76%
don't
74%
get
74%
have
74%
more
74%
more,
74%
more)
74%
need
74%
over
74%
over,
74%
be
71%
It’s
71%
it’s
71%
say
71%
words
71%
for
68%
see
68%
something
68%
trust
68%
Darling,
65%
Is
65%
of
62%
too
62%
Wanna
62%
away
59%
complicated
59%
gettin'
59%
trip
59%
We're
59%
closer,
56%
Friendship’s
56%
inches
56%
late
56%
(But
53%
I’ll
53%
Lose
53%
same
53%
composure,
50%
mistake
50%
Nervous,
50%
night
50%
okay,
50%
won't
50%
favorite
47%
Lord
47%
pray
47%
headlights
44%
house
41%
view
41%
Brought
15%
No matching quizzes found
Score Distribution
Percent of People with Each Score
Percentile by Number Answered
Your Score History
You have not taken this quiz